| 000 | 00934pam a2200337 a 4500 | ||
|---|---|---|---|
| 001 | 55131238 | ||
| 003 | OCoLC | ||
| 005 | 20170717143920.0 | ||
| 008 | 040507s2004 nyu 000 1 eng | ||
| 010 | _a2004010373 | ||
| 020 | _a0525948430 (hardcover : alk. paper) | ||
| 040 |
_aDLC _cDLC _dYDX _dE3V |
||
| 041 | _aeng | ||
| 043 | _ae-uk-st | ||
| 044 | _ae-uk-st | ||
| 050 | 0 | 0 |
_aPR6056.O45 _bW46 2004 |
| 082 | 0 | 0 |
_a823/.914 _222 |
| 092 | 0 |
_aFIC _bFOL |
|
| 100 | 1 | _aFollett, Ken. | |
| 245 | 1 | 0 |
_aWhiteout / _cKen Follett. |
| 260 |
_aNew York : _bDutton, _cc2004. |
||
| 300 |
_a374 p. ; _c24 cm. |
||
| 650 | 0 |
_aPharmaceutical industry _vFiction. |
|
| 650 | 0 |
_aAnimal rights activists _vFiction. |
|
| 650 | 0 |
_aSecurity consultants _vFiction. |
|
| 650 | 0 |
_aHazardous substances _vFiction. |
|
| 650 | 0 |
_aEx-police officers _vFiction. |
|
| 651 | 0 |
_aScotland _vFiction. |
|
| 655 | 7 |
_aThrillers (Fiction) _2lcgft. |
|
| 942 | _cBK | ||
| 999 |
_c18595 _d18595 |
||